Retrato de Unamuno

Guardat en:
Dades bibliogràfiques
Autor principal: Granjel, Luis S (Autor)
Format: Llibre
Idioma:espanyol
Publicat: Madrid Guadarrama 1957
Col·lecció:Colección Guadarrama de Crítica y Ensayo, 10
Matèries:
Etiquetes: Afegir etiqueta
Sense etiquetes, Sigues el primer a etiquetar aquest registre!

MARC

LEADER 00000nam a2200000 a 4500
001 UCY6022
003 CL-VaPUC
008 950521e19570000SP |||||||||||||||||spa|d
082 0 4 |a 860.9  |b GRA  |2 21 
100 |a Granjel, Luis S  |e author  |9 362645 
245 1 0 |a Retrato de Unamuno 
300 |a 388 p 
942 |c BK 
945 |d 19950521 00:00:00  |a rbrito 
260 |a Madrid  |b Guadarrama  |c 1957 
600 0 7 |a UNAMUNO, MIGUEL DE  |2 CL-VaPUC  |9 312478 
650 0 |a Literatura española  |9 306261 
650 0 |a Crítica literaria   |9 269189 
583 |a last modification  |c 19950521 00:00:00  |k Rodrigo Vera 
490 0 |a Colección Guadarrama de Crítica y Ensayo, 10 
999 |c 233611  |d 233609 
952 |0 0  |1 0  |4 0  |6 860_900000000000000_GRA_1957  |7 0  |8 A  |9 239242  |a BIBEDU  |b BIBEDU  |d 2019-11-18  |i 2002175  |o 860.9 GRA 1957  |p 2002175  |r 2019-11-18  |w 2019-11-18  |y BK  |k LIT